000 00621nam a2200181Ia 4500
008 100920s9999 xx 000 0 und d
082 _b69118
_a--- थ 93
100 _aखांडगे भास्कर.
245 _aअस्वस्थ सूर्योदय.
260 _bमेघदूत प्रकाशन, पुणे.
_c1993
300 _a179
_bसाधी
365 _b90
520 _aकादंबरी.
630 _aअस्वस्थ सूर्योदय.
650 _aकादंबरी.
730 _aअस्वस्थ सूर्योदय.
942 _cBOOK
999 _c711340
_d711337